| 000 | 00972 a2200265 4500 | ||
|---|---|---|---|
| 003 | CBULib | ||
| 005 | 20250121082836.0 | ||
| 008 | 241101b |||||||| |||| 00| 0 eng d | ||
| 020 | _a9780691217239 | ||
| 040 |
_bEnglish _cCBULib _erda |
||
| 050 | _aQH 31 Pec | ||
| 100 | _aPeck, Robert McCracken | ||
| 245 |
_aThe natural history of Edward Lear _c/ by Robert McCracken Peck |
||
| 260 |
_bPrinceton University Press, _c2021 _aPrinceton : |
||
| 300 | _axi, 227 pages : illustrations (chiefly color) | ||
| 336 |
_2rdacontent _aText | _btxt |
||
| 337 |
_2rdamedia _aUnmediated | _bn |
||
| 338 |
_2rdacarrier _aVolume _bnc |
||
| 500 | _aIncludes bibliographical references and index. | ||
| 650 | 0 |
_93926 _aNATURAL HISTORY ILLUSTRATIONS - GREAT BRITAIN - BIOGRAPHY |
|
| 650 | 0 |
_93927 _aARTISTS - GREAT BRITAIN - BIOGRAPHY |
|
| 650 | 0 |
_93928 _aPOETS, ENGLISH - 19th CENTURY - BIOGRAPHY |
|
| 650 | 0 |
_93929 _aNATURAL HISTORY ILLUSTRATION - GREAT BRITAIN |
|
| 942 |
_2lcc _c002 |
||
| 999 |
_c85760 _d85760 |
||